[Event "9. Int. Bavarian Open"]
[Site "Bad Wiessee"]
[Date "2005.10.31"]
[Round "3"]
[White "Römhild, Marcus"]
[Black "Hedke, Fred"]
[Result "1/2-1/2"]
[WhiteElo "2195"]
[BlackElo "2339"]
[PlyCount "68"]
[EventDate "2005.??.??"]

1. e4 e5 2. Bc4 Nf6 3. d3 Be7 4. Nc3 d6 5. f4 c6 6. fxe5 dxe5 7. Nf3 Nbd7 8.
O-O b5 9. Bb3 O-O 10. Kh1 Qc7 11. Qe1 Nc5 12. Qg3 Nxb3 13. axb3 Bd6 14. Bg5 Ne8
15. Nh4 f6 16. Be3 Rf7 17. Nf5 Bxf5 18. Rxf5 Qb7 19. Rff1 Nc7 20. Qf2 Ne6 21.
Ne2 a6 22. Ng3 g6 23. Qd2 c5 24. Ne2 b4 25. Ng3 Nd4 26. Rf2 Bf8 27. Qd1 Qd7 28.
Qf1 Kg7 29. h3 a5 30. Qd1 Qe6 31. Nf1 f5 32. Bxd4 cxd4 33. Nd2 Raa7 34. Qe2 f4
1/2-1/2

[Event "9. Int. Bavarian Open"]
[Site "Bad Wiessee"]
[Date "2005.10.31"]
[Round "3"]
[White "Deues, Erik"]
[Black "Kabisch, Thilo"]
[Result "0-1"]
[WhiteElo "2098"]
[BlackElo "2330"]
[PlyCount "46"]
[EventDate "2005.??.??"]

1. d4 Nf6 2. c4 g6 3. Nc3 Bg7 4. e4 d6 5. f3 O-O 6. Be3 b6 7. Bd3 a6 8. e5 Nfd7
9. Be4 Ra7 10. f4 c5 11. Nf3 Bb7 12. O-O cxd4 13. Qxd4 Nc6 14. Bxc6 Bxc6 15.
Nd5 e6 16. Nxb6 Bxf3 17. Qxd6 Rb7 18. c5 Nxb6 19. Rxf3 Nd5 20. c6 Rxb2 21. Bc5
Rc2 22. Rb1 Qxd6 23. Bxd6 Rc8 0-1

[Event "9. Int. Bavarian Open"]
[Site "Bad Wiessee"]
[Date "2005.10.31"]
[Round "3"]
[White "Vrban, Mladen"]
[Black "Schwanengel, Ulrich"]
[Result "1-0"]
[WhiteElo "2319"]
[BlackElo "2097"]
[PlyCount "29"]
[EventDate "2005.??.??"]

1. e4 e5 2. Nf3 Nc6 3. Bb5 a6 4. Bxc6 dxc6 5. O-O Bg4 6. h3 h5 7. d3 Qf6 8.
Nbd2 Ne7 9. Re1 Ng6 10. d4 Nf4 11. hxg4 hxg4 12. Nh2 O-O-O 13. Qxg4+ Kb8 14.
Ndf3 Ng6 15. Bg5 1-0

[Event "9. Int. Bavarian Open"]
[Site "Bad Wiessee"]
[Date "2005.10.31"]
[Round "3"]
[White "Tochtrop, Matthias"]
[Black "Kritz, Leonid"]
[Result "0-1"]
[WhiteElo "2154"]
[BlackElo "2545"]
[PlyCount "60"]
[EventDate "2005.??.??"]

1. e4 c5 2. Nf3 d6 3. Bc4 Nf6 4. e5 dxe5 5. Nxe5 e6 6. Qe2 Bd6 7. b3 O-O 8. Bb2
Nbd7 9. f4 Nb6 10. O-O Nxc4 11. bxc4 Ne8 12. Nc3 f6 13. Nd3 Be7 14. Ne4 b6 15.
Rf3 Rf7 16. Raf1 Nd6 17. Nxd6 Bxd6 18. Rh3 Rb8 19. Qe4 g6 20. Rg3 Qc7 21. h4 b5
22. h5 g5 23. h6 bxc4 24. Bxf6 Rxf6 25. Rxg5+ Kf8 26. Rg7 Rf7 27. Rxf7+ Qxf7
28. Ne5 Qf5 29. Qc6 Ke7 30. Nxc4 Qd5 0-1

[Event "9. Int. Bavarian Open"]
[Site "Bad Wiessee"]
[Date "2005.11.01"]
[Round "4"]
[White "Heinz, Axel"]
[Black "Khenkin, Igor"]
[Result "1-0"]
[WhiteElo "2363"]
[BlackElo "2603"]
[PlyCount "75"]
[EventDate "2005.??.??"]

1. e4 c5 2. Nf3 e6 3. d4 cxd4 4. Nxd4 Nf6 5. Nc3 Nc6 6. Nxc6 bxc6 7. e5 Nd5 8.
Ne4 Qc7 9. f4 Qb6 10. c4 Ne3 11. Qd3 Bb4+ 12. Bd2 O-O 13. Rc1 a5 14. Ke2 Bxd2
15. Qxd2 Nf5 16. g4 Nd4+ 17. Kd1 Rb8 18. b3 c5 19. Qd3 h6 20. g5 Bb7 21. gxh6
Bxe4 22. Qxe4 g6 23. h4 d5 24. Qg2 dxc4 25. Bxc4 Rfd8 26. Ke1 Qb4+ 27. Kf1 Nf5
28. Rh3 Rd4 29. h5 Rbd8 30. Be2 Qd2 31. Rcc3 Rxf4+ 32. Kg1 Qd4+ 33. Kh1 Rf2 34.
h7+ Kh8 35. Qg5 Qe4+ 36. Rcf3 Rd1+ 37. Bxd1 Qe1+ 38. Qg1 1-0

[Event "9. Int. Bavarian Open"]
[Site "Bad Wiessee"]
[Date "2005.11.01"]
[Round "4"]
[White "Landa, Konstantin"]
[Black "Lang, Torsten"]
[Result "1-0"]
[WhiteElo "2600"]
[BlackElo "2352"]
[PlyCount "45"]
[EventDate "2005.??.??"]

1. e4 c6 2. d4 g6 3. c3 Bg7 4. Bd3 d6 5. Nf3 e5 6. Nbd2 Ne7 7. O-O O-O 8. h3
Nd7 9. dxe5 dxe5 10. Nc4 Qc7 11. Bc2 b6 12. Qd6 Qxd6 13. Nxd6 Ba6 14. Rd1 Be2
15. Bg5 Bxd1 16. Rxd1 Nf6 17. Nxe5 Rad8 18. Bb3 Rxd6 19. Rxd6 Nxe4 20. Bxe7
Bxe5 21. Rd7 Re8 22. Bh4 Nd6 23. Bg3 1-0

[Event "9. Int. Bavarian Open"]
[Site "Bad Wiessee"]
[Date "2005.11.01"]
[Round "4"]
[White "Bücker, Stefan"]
[Black "Postny, Evgeny"]
[Result "0-1"]
[WhiteElo "2349"]
[BlackElo "2571"]
[PlyCount "80"]
[EventDate "2005.??.??"]

1. e4 c5 2. Nc3 a6 3. g3 b5 4. Bg2 Bb7 5. d3 e6 6. Nh3 Nf6 7. O-O d6 8. f4 Nbd7
9. Qe2 Qb8 10. g4 Nb6 11. g5 Nfd7 12. f5 e5 13. a4 bxa4 14. Nxa4 Nxa4 15. Rxa4
Qc7 16. Bf3 Be7 17. c3 Bd8 18. Be3 Rb8 19. Ra3 Bc8 20. Qg2 Qb7 21. Rf2 Qb5 22.
Qf1 Qc6 23. b3 Bb6 24. Qg2 c4 25. d4 cxb3 26. Rxb3 Bxd4 27. Rxb8 Bxe3 28. Rb1
Qxc3 29. Kh1 Bxf2 30. Nxf2 Nc5 31. h4 O-O 32. Rd1 Rd8 33. Kh2 Qe3 34. Ng4 Qf4+
35. Kh3 Kf8 36. Qe2 g6 37. fxg6 hxg6 38. Rf1 Nxe4 39. Qg2 Ke7 40. Be2 Nxg5+ 0-1

[Event "9. Int. Bavarian Open"]
[Site "Bad Wiessee"]
[Date "2005.11.01"]
[Round "4"]
[White "Kabisch, Thilo"]
[Black "Baramidze, David"]
[Result "0-1"]
[WhiteElo "2330"]
[BlackElo "2542"]
[PlyCount "138"]
[EventDate "2005.??.??"]

1. e4 c5 2. Nf3 d6 3. d4 cxd4 4. Nxd4 Nf6 5. Nc3 e6 6. Bc4 Be7 7. a3 Bd7 8. Ba2
Nc6 9. O-O Nxd4 10. Qxd4 O-O 11. Kh1 Qa5 12. f4 Qh5 13. Be3 Rac8 14. Rae1 Ng4
15. Bg1 Bh4 16. Rd1 e5 17. Qd3 exf4 18. Rxf4 Ne5 19. Qxd6 Bg3 20. Rff1 Bg4 21.
Rd5 Rc6 22. Qe7 Re6 23. Qc7 Qh4 24. Rc5 Re7 25. Qd6 Rd7 26. Bxf7+ Rdxf7 27.
Rxf7 Rxf7 28. Rxe5 Bxe5 29. Qxe5 h6 30. Nd5 Kh7 31. h3 Bh5 32. Kh2 Bg6 33. Nc3
Re7 34. Qg3 Qxg3+ 35. Kxg3 Bxe4 36. Bxa7 Bxc2 37. Kf3 Bf5 38. Bd4 Bd7 39. g3
Bxh3 40. b4 Rf7+ 41. Ke3 Bg2 42. Be5 Kg6 43. a4 Kf5 44. Bb8 Kg4 45. Nd1 Rf3+
46. Ke2 Rb3 47. Nf2+ Kf5 48. Bd6 Ke6 49. Bc5 Rxg3 50. Nd1 Ra3 51. Ne3 Be4 52.
a5 Ra2+ 53. Ke1 h5 54. Nd1 Bf3 55. Nc3 Rg2 56. Nb5 Kd5 57. Nd6 h4 58. Nf5 Re2+
59. Kf1 h3 60. Nd4 h2 61. Nxf3 h1=Q+ 62. Kxe2 g5 63. Ng1 Ke4 64. Kf2 Qh2+ 65.
Kf1 g4 66. Ke1 Kd3 67. Kf1 g3 68. Bb6 Qd2 69. Nh3 Qe2+ 0-1

[Event "9. Int. Bavarian Open"]
[Site "Bad Wiessee"]
[Date "2005.11.01"]
[Round "4"]
[White "Vrban, Mladen"]
[Black "Burmakin, Vladimir"]
[Result "0-1"]
[WhiteElo "2319"]
[BlackElo "2508"]
[PlyCount "79"]
[EventDate "2005.??.??"]

1. e4 c6 2. Nc3 d5 3. d4 dxe4 4. Nxe4 Bf5 5. Nc5 Qc7 6. Bd3 Bg6 7. Nf3 e6 8.
Bxg6 hxg6 9. Nd3 Nd7 10. Bf4 Bd6 11. Nfe5 Qa5+ 12. c3 Nxe5 13. Bxe5 Bxe5 14.
Nxe5 Nf6 15. Qb3 Qc7 16. Qa3 Qe7 17. Qxe7+ Kxe7 18. O-O-O Rad8 19. Nd3 Rd5 20.
f3 g5 21. h3 Nh5 22. Rhe1 Nf4 23. Nxf4 gxf4 24. Re4 g5 25. Rde1 Kf6 26. Re5
Rhd8 27. Rxd5 Rxd5 28. Re4 Kf5 29. Kc2 f6 30. c4 Rd7 31. b4 e5 32. Kc3 b5 33.
c5 Rd5 34. Kd3 Rd8 35. Kc3 Rd7 36. Kd3 a5 37. a3 axb4 38. axb4 Ra7 39. dxe5
fxe5 40. Ke2 0-1

[Event "9. Int. Bavarian Open"]
[Site "Bad Wiessee"]
[Date "2005.11.01"]
[Round "4"]
[White "Reefschläger, Helmut"]
[Black "Akesson, Ralf"]
[Result "0-1"]
[WhiteElo "2314"]
[BlackElo "2486"]
[PlyCount "40"]
[EventDate "2005.??.??"]

1. d4 Nf6 2. Nf3 e6 3. e3 b6 4. Bd3 Bb7 5. Nbd2 c5 6. O-O Be7 7. b3 Nc6 8. Bb2
cxd4 9. exd4 Nb4 10. Be2 Nbd5 11. a3 Nf4 12. Bc4 Qc7 13. Re1 Rc8 14. c3 g5 15.
Bf1 g4 16. Ne5 Rg8 17. Nd3 Nh3+ 18. Kh1 g3 19. hxg3 Nxf2+ 20. Nxf2 Qxg3 0-1

e4 Bxe4 22. Nxe4 Qh4+ 23. Kg1 Ng4 0-1

[Event "9. Int. Bavarian Open"]
[Site "Bad Wiessee"]
[Date "2005.11.01"]
[Round "4"]
[White "Balinov, Ilija"]
[Black "Täger, Winfried"]
[Result "1-0"]
[WhiteElo "2431"]
[BlackElo "2294"]
[PlyCount "43"]
[EventDate "2005.??.??"]

1. e4 Nc6 2. d4 d5 3. exd5 Qxd5 4. Nf3 Bg4 5. Be2 O-O-O 6. c4 Qd6 7. d5 Bxf3 8.
Bxf3 Ne5 9. Nc3 Nxf3+ 10. Qxf3 Nf6 11. O-O a6 12. Re1 g6 13. Bf4 Qd7 14. b4 Bg7
15. b5 a5 16. b6 c6 17. Rac1 Nh5 18. Nb5 Qf5 19. Na7+ Kd7 20. dxc6+ Ke8 21. c7
Ra8 22. Qxb7 1-0

[Event "9. Int. Bavarian Open"]
[Site "Bad Wiessee"]
[Date "2005.11.01"]
[Round "4"]
[White "Pirrot, Dieter"]
[Black "Levushkina, Elena"]
[Result "1-0"]
[WhiteElo "2401"]
[BlackElo "2230"]
[PlyCount "81"]
[EventDate "2005.??.??"]

1. e4 e5 2. Nf3 Nf6 3. d4 Nxe4 4. Bd3 d5 5. Nxe5 Nd7 6. Nxd7 Bxd7 7. O-O Bd6 8.
c4 c6 9. cxd5 cxd5 10. Nc3 Nxc3 11. bxc3 O-O 12. Qh5 f5 13. Bd2 Qc7 14. Rfe1 g6
15. Qf3 Kh8 16. h4 Bc6 17. Re2 Rae8 18. Rae1 Re4 19. c4 Bh2+ 20. Kf1 Rxe2 21.
Bxe2 Qd7 22. c5 Bc7 23. Bf4 Re8 24. Bd3 Rxe1+ 25. Kxe1 Ba5+ 26. Kd1 Bd8 27.
Be5+ Kg8 28. h5 Ba4+ 29. Kc1 Bg5+ 30. Kb2 Bb5 31. hxg6 hxg6 32. Bc2 Bc4 33. a4
Qh7 34. g4 f4 35. Bb3 Bxb3 36. Kxb3 Qf7 37. Qh1 Kf8 38. Qh8+ Qg8 39. Bd6+ Kf7
40. Qe5 Qd8 41. Qxd5+ 1-0

[Event "9. Int. Bavarian Open"]
[Site "Bad Wiessee"]
[Date "2005.11.01"]
[Round "4"]
[White "Kritz, Leonid"]
[Black "Lupor, Andre"]
[Result "1-0"]
[WhiteElo "2545"]
[BlackElo "2269"]
[PlyCount "101"]
[EventDate "2005.??.??"]

1. Nf3 c5 2. b3 Nc6 3. Bb2 d6 4. d4 cxd4 5. Nxd4 e5 6. Nxc6 bxc6 7. e4 Nf6 8.
Bd3 Be7 9. O-O O-O 10. Nd2 Be6 11. Re1 Re8 12. Nc4 Qc7 13. Qd2 Nd7 14. f4 f6
15. f5 Bf7 16. Ne3 d5 17. exd5 cxd5 18. c4 Nb6 19. cxd5 Nxd5 20. Nxd5 Bxd5 21.
Kh1 Qb7 22. Qe2 Rac8 23. h3 Rc7 24. Ba6 Qb6 25. Red1 Rd8 26. Rac1 Rxc1 27. Bxc1
Bf7 28. Rxd8+ Qxd8 29. Be3 Qd7 30. Qc2 Bd5 31. Bc8 Qb5 32. Be6+ Bxe6 33. fxe6
Qa6 34. Qc4 Qb7 35. Bc5 Kf8 36. Bxa7 Bd6 37. Bc5 Ke7 38. Qg4 g6 39. Qh4 Qc6 40.
Bxd6+ Qxd6 41. Qxh7+ Kxe6 42. Qxg6 Qd1+ 43. Kh2 Qe1 44. a4 e4 45. a5 e3 46. a6
Qf2 47. a7 e2 48. Qe4+ Kf7 49. a8=Q e1=Q 50. Qae8+ Kg7 51. Q4g6# 1-0

[Event "9. Int. Bavarian Open"]
[Site "Bad Wiessee"]
[Date "2005.11.01"]
[Round "4"]
[White "Nogly, Christoph"]
[Black "Rotstein, Arkadij"]
[Result "1/2-1/2"]
[WhiteElo "2274"]
[BlackElo "2528"]
[PlyCount "102"]
[EventDate "2005.??.??"]

1. d4 Nf6 2. c4 e6 3. g3 c5 4. Nf3 cxd4 5. Nxd4 Qc7 6. Nc3 a6 7. Bg2 Be7 8. O-O
d6 9. e4 Bd7 10. Be3 Nc6 11. Rc1 Nxd4 12. Bxd4 O-O 13. b3 Rac8 14. a4 Qa5 15.
Qe2 Rfe8 16. h3 Bc6 17. Rfd1 Nd7 18. Qb2 Qh5 19. g4 Qh6 20. Be3 g5 21. Nd5 exd5
22. cxd5 Bf6 23. Qd2 Bxa4 24. bxa4 Nc5 25. Qb4 Be5 26. Bxc5 dxc5 27. Rxc5 Qf6
28. d6 Rxc5 29. Qxc5 Rd8 30. d7 Kg7 31. Rd5 Bf4 32. e5 Qe6 33. Qd4 b5 34. axb5
axb5 35. Be4 b4 36. Bf5 Qe7 37. Bb1 Kg8 38. Qe4 f6 39. Ba2 Kg7 40. Bb1 Kg8 41.
e6 Be5 42. Qxh7+ Qxh7 43. Bxh7+ Kf8 44. Rb5 Bd6 45. f4 gxf4 46. Bf5 Ke7 47. h4
Ra8 48. h5 Ra1+ 49. Kg2 Ra2+ 50. Kf3 Ra3+ 51. Kf2 Ra2+ 1/2-1/2

[Event "9. Int. Bavarian Open"]
[Site "Bad Wiessee"]
[Date "2005.11.01"]
[Round "4"]
[White "Lorscheid, Gerhard"]
[Black "Bromberger, Stefan"]
[Result "1/2-1/2"]
[WhiteElo "2262"]
[BlackElo "2478"]
[PlyCount "41"]
[EventDate "2005.??.??"]

1. d4 Nf6 2. c4 g6 3. Nc3 Bg7 4. e4 d6 5. Be2 O-O 6. Bg5 Na6 7. h4 h6 8. Be3 e5
9. d5 Nc5 10. Qc2 c6 11. h5 cxd5 12. cxd5 Qa5 13. Kf1 Qb4 14. Rd1 Ng4 15. Bxg4
Bxg4 16. f3 Bd7 17. hxg6 fxg6 18. Bxh6 Bxh6 19. Rxh6 Kg7 20. Rh1 Rh8 21. Nh3
1/2-1/2

[Event "9. Int. Bavarian Open"]
[Site "Bad Wiessee"]
[Date "2005.11.01"]
[Round "4"]
[White "Zysk, Robert"]
[Black "Albrecht, Rainer"]
[Result "1-0"]
[WhiteElo "2460"]
[BlackElo "2236"]
[PlyCount "55"]
[EventDate "2005.??.??"]

1. Nf3 e6 2. g3 f5 3. Bg2 Nf6 4. c4 Be7 5. O-O O-O 6. d3 Nc6 7. Nc3 d6 8. Rb1
Qe8 9. b4 e5 10. c5 Bd8 11. cxd6 cxd6 12. b5 Na5 13. Ba3 Qe7 14. Qa4 Rb8 15.
Rfc1 h6 16. Bb4 b6 17. Qa3 Bc7 18. Nh4 Kh7 19. e4 g6 20. exf5 gxf5 21. Nd5 Nxd5
22. Rxc7 Nxc7 23. Bxd6 Qf7 24. Bxf8 Be6 25. Bd6 Rc8 26. Bxe5 Bxa2 27. Rc1 Nxb5
28. Rxc8 1-0

[Event "9. Int. Bavarian Open"]
[Site "Bad Wiessee"]
[Date "2005.11.01"]
[Round "4"]
[White "Gypser, Andreas"]
[Black "Hoffmann, Michael"]
[Result "0-1"]
[WhiteElo "2236"]
[BlackElo "2443"]
[PlyCount "82"]
[EventDate "2005.??.??"]

1. e4 c5 2. Nf3 d6 3. d4 Nf6 4. Nc3 cxd4 5. Nxd4 a6 6. Be3 e5 7. Nb3 Be6 8. f3
Nbd7 9. Qd2 Be7 10. g4 O-O 11. O-O-O Qc7 12. h4 Rfc8 13. Kb1 b5 14. g5 Nh5 15.
Qf2 b4 16. Nd5 Bxd5 17. Rxd5 a5 18. Nc1 Ng3 19. Rg1 Nxf1 20. Rxf1 a4 21. Nd3
Qb7 22. Rc1 f5 23. Qd2 Rc4 24. Qg2 Rac8 25. h5 b3 26. cxb3 axb3 27. Rxc4 bxa2+
28. Kxa2 Qa6+ 29. Kb1 Qxc4 30. Ne1 Ra8 31. Qc2 Qa2+ 32. Kc1 f4 33. Bf2 Bxg5 34.
Rxd6 Nf6 35. Nd3 h6 36. Nxe5 Qa1+ 37. Qb1 Rc8+ 38. Rc6 Rxc6+ 39. Nxc6 Qa6 40.
Ne7+ Kf7 41. Bc5 Qf1+ 0-1

[Event "9. Int. Bavarian Open"]
[Site "Bad Wiessee"]
[Date "2005.11.01"]
[Round "4"]
[White "Kopylov, Michael"]
[Black "Schultz, Andreas"]
[Result "1-0"]
[WhiteElo "2445"]
[BlackElo "2230"]
[PlyCount "47"]
[EventDate "2005.??.??"]

1. d4 Nf6 2. c4 g6 3. Nc3 Bg7 4. e4 d6 5. h3 O-O 6. Be3 e5 7. d5 Na6 8. Nf3 Nc5
9. Nd2 a5 10. Be2 Nfd7 11. g4 f5 12. gxf5 gxf5 13. exf5 Nf6 14. Qc2 Bd7 15. Nf1
Qc8 16. Ng3 Kh8 17. O-O-O Ng8 18. Bg4 Nh6 19. Bxc5 dxc5 20. Nce4 b6 21. Ng5
Nxf5 22. Ne6 Nd4 23. Rxd4 cxd4 24. Ng5 1-0

[Event "9. Int. Bavarian Open"]
[Site "Bad Wiessee"]
[Date "2005.11.01"]
[Round "4"]
[White "Stabolewski, Andreas"]
[Black "Zude, Arno"]
[Result "1/2-1/2"]
[WhiteElo "2219"]
[BlackElo "2422"]
[PlyCount "63"]
[EventDate "2005.??.??"]

1. c4 e6 2. g3 d5 3. Bg2 Nf6 4. Nf3 Be7 5. O-O O-O 6. d4 c6 7. Nc3 Nbd7 8. cxd5
exd5 9. Bf4 Re8 10. Qc2 Nf8 11. Rad1 h6 12. Ne5 Be6 13. Na4 Qc8 14. f3 Bf5 15.
e4 Bh7 16. Rfe1 Ng6 17. Nxg6 Bxg6 18. Re2 dxe4 19. Qb3 Bh5 20. Rde1 Qd8 21. Be5
b5 22. Nc5 Bxc5 23. Bxf6 Bxd4+ 24. Bxd4 Qxd4+ 25. Kh1 Rad8 26. g4 Bg6 27. f4
Bh7 28. f5 g6 29. Bxe4 gxf5 30. gxf5 Qf6 31. Qc2 Re7 32. Qxc6 1/2-1/2

[Event "9. Int. Bavarian Open"]
[Site "Bad Wiessee"]
[Date "2005.11.01"]
[Round "4"]
[White "Amos, Frank"]
[Black "Forchert, Martin"]
[Result "0-1"]
[WhiteElo "2209"]
[BlackElo "2402"]
[PlyCount "70"]
[EventDate "2005.??.??"]

1. e4 Nf6 2. e5 Nd5 3. Nc3 Nxc3 4. dxc3 d6 5. Bc4 Nc6 6. Nf3 dxe5 7. Qxd8+ Nxd8
8. Nxe5 f6 9. Nd3 e5 10. O-O Be6 11. Bb3 Kf7 12. Re1 Bxb3 13. axb3 Bd6 14. f4
Nc6 15. fxe5 Nxe5 16. Be3 Rhe8 17. Bd4 Nc6 18. Bf2 Rxe1+ 19. Rxe1 Re8 20. Rc1
a6 21. h3 Re4 22. Kf1 f5 23. Bc5 g5 24. Rd1 Ke6 25. Bxd6 cxd6 26. Kf2 h5 27.
Ra1 f4 28. b4 Ne5 29. b5 axb5 30. Ra5 g4 31. Rxb5 g3+ 32. Kf1 Nc4 33. Rxb7 Nd2+
34. Kg1 Ra4 35. Nxf4+ Rxf4 0-1

[Event "9. Int. Bavarian Open"]
[Site "Bad Wiessee"]
[Date "2005.11.01"]
[Round "4"]
[White "Morawietz, Dieter"]
[Black "Kick, Joachim"]
[Result "1-0"]
[WhiteElo "2385"]
[BlackElo "2202"]
[PlyCount "71"]
[EventDate "2005.??.??"]

1. e4 c5 2. Nf3 e6 3. d4 cxd4 4. Nxd4 Nf6 5. Nc3 d6 6. Be2 a6 7. O-O Qc7 8. f4
Be7 9. Kh1 O-O 10. a4 Nc6 11. Be3 Re8 12. Bg1 Rb8 13. Nf3 b6 14. Bd3 Bb7 15.
Qe2 Nb4 16. Bd4 Nd7 17. Nd1 Nxd3 18. cxd3 Rbc8 19. Ng5 e5 20. Bc3 Bxg5 21. fxg5
d5 22. Qf3 dxe4 23. Qxf7+ Kh8 24. Ne3 Rf8 25. Qh5 exd3 26. g6 Nf6 27. Qh4 h6
28. Rf5 Rce8 29. Re1 Qc6 30. Rxe5 Rxe5 31. Bxe5 d2 32. Rf1 Kg8 33. Qd4 Ne4 34.
Rxf8+ Kxf8 35. Qd8+ Qe8 36. Bxg7+ 1-0

[Event "9. Int. Bavarian Open"]
[Site "Bad Wiessee"]
[Date "2005.11.01"]
[Round "4"]
[White "Meister, Peter"]
[Black "Loos, Stephan"]
[Result "1/2-1/2"]
[WhiteElo "2358"]
[BlackElo "2193"]
[PlyCount "71"]
[EventDate "2005.??.??"]

1. d4 f5 2. Nf3 Nf6 3. c4 d6 4. Nc3 g6 5. e3 Bg7 6. Be2 O-O 7. O-O Nc6 8. d5
Ne5 9. Nxe5 dxe5 10. b3 e6 11. Ba3 Rf7 12. d6 cxd6 13. Qxd6 Qe8 14. Qd2 Bd7 15.
Qc2 Bc6 16. Rad1 Rd8 17. b4 b6 18. b5 Ba8 19. Bd6 Nd7 20. Rd2 Nc5 21. Rfd1 Rfd7
22. Bxc5 bxc5 23. Na4 Bf8 24. Qc3 e4 25. Rxd7 Rxd7 26. Rxd7 Qxd7 27. Qa5 Qe7
28. b6 Qd8 29. Bf1 axb6 30. Qxb6 Qxb6 31. Nxb6 Bc6 32. a4 Be7 33. a5 Bd8 34.
Be2 Kf8 35. Bd1 Ke7 36. Nc8+ 1/2-1/2

[Event "9. Int. Bavarian Open"]
[Site "Bad Wiessee"]
[Date "2005.11.01"]
[Round "4"]
[White "Brener, Ilja"]
[Black "Weidlich, Günter"]
[Result "1-0"]
[WhiteElo "2334"]
[BlackElo "2163"]
[PlyCount "120"]
[EventDate "2005.??.??"]

1. d4 d6 2. c4 e5 3. Nf3 Nd7 4. Nc3 c6 5. e4 Be7 6. Be2 Ngf6 7. O-O O-O 8. Qc2
Qc7 9. Rd1 Re8 10. Bg5 b6 11. Rac1 Bb7 12. Rd2 a6 13. d5 c5 14. a3 Nf8 15. b4
h6 16. Be3 Ng4 17. Qb1 Nxe3 18. fxe3 Bc8 19. Rb2 Bd8 20. Nd1 Nh7 21. Nf2 Qe7
22. Bd1 Bc7 23. Ba4 Rf8 24. Bc6 Ra7 25. Rf1 g6 26. Qe1 f5 27. exf5 gxf5 28. Nd1
Bd8 29. bxc5 bxc5 30. Ba4 Qg7 31. Kh1 Raf7 32. Ng1 f4 33. exf4 Rxf4 34. Rxf4
Rxf4 35. Ne3 Rf8 36. Bc2 Ng5 37. Rb8 Bc7 38. Rxc8 Rxc8 39. Nf5 Qf6 40. Qh4 Bd8
41. Nxh6+ Kf8 42. Ng4 Qg7 43. Ne3 Rb8 44. Qg4 Rb2 45. a4 Nf7 46. Qe4 Qf6 47.
Nd1 Rb4 48. g3 Qf1 49. Ne3 Qe1 50. Qf3 Kg8 51. Bh7+ Kxh7 52. Qxf7+ Kh8 53. Qe8+
Kh7 54. Qd7+ Kh8 55. Qxd8+ Kg7 56. Nf5+ Kg6 57. Nh4+ Kg7 58. Qe7+ Kg8 59. Qe8+
Kg7 60. Qg6+ Kf8 1-0

[Event "9. Int. Bavarian Open"]
[Site "Bad Wiessee"]
[Date "2005.11.01"]
[Round "4"]
[White "Schütte, Manfred"]
[Black "Maksimovic, Marko"]
[Result "1-0"]
[WhiteElo "2319"]
[BlackElo "2091"]
[PlyCount "106"]
[EventDate "2005.??.??"]

1. c4 c5 2. Nf3 Nc6 3. Nc3 Nf6 4. g3 g6 5. Bg2 Bg7 6. O-O O-O 7. d4 cxd4 8.
Nxd4 Nxd4 9. Qxd4 d6 10. Bd2 Be6 11. Qd3 Rc8 12. b3 b6 13. h3 Bd7 14. e4 Bc6
15. Rac1 Nd7 16. Rfe1 Nc5 17. Qe2 a5 18. Nd5 e6 19. Nf4 Qe7 20. Nd3 Bd4 21. Bh6
Rfd8 22. Qd2 Bg7 23. Bxg7 Kxg7 24. b4 Nxd3 25. Qxd3 Qc7 26. a3 axb4 27. axb4
Ra8 28. h4 h5 29. Qc3+ Kg8 30. Ra1 Rxa1 31. Rxa1 Ra8 32. Rd1 Rd8 33. Qf6 Rb8
34. Qd4 Rd8 35. c5 bxc5 36. bxc5 d5 37. Qf6 Rd7 38. exd5 Bxd5 39. Bxd5 exd5 40.
Ra1 Qd8 41. Qd4 Rc7 42. Ra6 Qc8 43. Rd6 Rxc5 44. Qf6 Rc1+ 45. Kg2 Qe8 46. Rd8
Re1 47. Rxe8+ Rxe8 48. Qd6 Re6 49. Qxd5 Kg7 50. f4 Ra6 51. f5 Ra4 52. Qe5+ Kh7
53. Qe7 Ra6 1-0

[Event "9. Int. Bavarian Open"]
[Site "Bad Wiessee"]
[Date "2005.11.01"]
[Round "4"]
[White "Bach, Matthias"]
[Black "Gschwendtner, Klaus"]
[Result "1-0"]
[WhiteElo "2310"]
[BlackElo "2122"]
[PlyCount "81"]
[EventDate "2005.??.??"]

1. d4 d5 2. c4 e6 3. Nc3 Nf6 4. Nf3 Be7 5. g3 c6 6. Bg2 O-O 7. O-O b6 8. b3 Bb7
9. Bb2 Nbd7 10. Nd2 c5 11. cxd5 cxd4 12. Nb5 Bxd5 13. Nxd4 Bxg2 14. Kxg2 Rc8
15. Kg1 Qc7 16. Rc1 Qb7 17. Rxc8 Rxc8 18. Qa1 Bf8 19. Rc1 a6 20. Nc4 Ne4 21. f3
Nd6 22. Ne3 Nf6 23. Rd1 b5 24. Kg2 Nd5 25. Nxd5 Qxd5 26. Qb1 Qb7 27. Qd3 g6 28.
g4 Ne8 29. Nc2 Be7 30. Ne3 Rd8 31. Qc3 f6 32. Rxd8 Bxd8 33. g5 b4 34. Qd4 Bb6
35. Qxb4 fxg5 36. Nc4 g4 37. Qxb6 gxf3+ 38. exf3 Qd5 39. Qd4 Qg5+ 40. Kf2 Kf7
41. Qd7+ 1-0

[Event "9. Int. Bavarian Open"]
[Site "Bad Wiessee"]
[Date "2005.11.01"]
[Round "4"]
[White "Lutz, Dieter"]
[Black "Seyb, Alexander"]
[Result "1-0"]
[WhiteElo "2287"]
[BlackElo "2074"]
[PlyCount "55"]
[EventDate "2005.??.??"]

1. e4 c5 2. Nf3 d6 3. Bc4 Nf6 4. d3 Nc6 5. c3 g6 6. O-O Bg7 7. h3 O-O 8. Bb3 b5
9. Re1 Nd7 10. a3 a5 11. Be3 Ba6 12. d4 b4 13. Nbd2 Qc7 14. Qc2 Rfc8 15. axb4
cxd4 16. cxd4 Qb7 17. Bxf7+ Kxf7 18. Ng5+ Ke8 19. Qb3 Nd8 20. Qg8+ Bf8 21. Qxh7
Nf6 22. Qxg6+ Kd7 23. e5 Nd5 24. Qf5+ Kc7 25. exd6+ Kb8 26. d7 Rc2 27. Qxc2
Nxe3 28. Rxe3 1-0

[Event "9. Int. Bavarian Open"]
[Site "Bad Wiessee"]
[Date "2005.11.02"]
[Round "5"]
[White "Delchev, Aleksander"]
[Black "Balinov, Ilija"]
[Result "1/2-1/2"]
[WhiteElo "2669"]
[BlackElo "2431"]
[PlyCount "97"]
[EventDate "2005.??.??"]

1. e4 c5 2. Nf3 d6 3. d4 Nf6 4. Nc3 cxd4 5. Nxd4 a6 6. Be3 Nc6 7. Be2 e6 8. O-O
Be7 9. a4 O-O 10. f4 Qc7 11. Kh1 Re8 12. Bf3 Rb8 13. Qd2 Bd7 14. Qf2 Nxd4 15.
Bxd4 e5 16. Bb6 Qc4 17. Be2 Qb4 18. fxe5 dxe5 19. Bc7 Rbc8 20. Bxe5 Qxb2 21.
Rad1 Bc5 22. Qg3 Rxe5 23. Qxe5 Bb4 24. Rxd7 Nxd7 25. Qf5 Qxc3 26. Qxf7+ Kh8 27.
Qxd7 Qc7 28. Rf7 Qxc2 29. Qxb7 a5 30. Bd3 Qc1+ 31. Rf1 Qc7 32. Qb5 Rb8 33. Qf5
g6 34. Qf6+ Qg7 35. Qe6 Qe7 36. Qh3 Rf8 37. g3 Rxf1+ 38. Qxf1 Qe5 39. Kg2 Kg7
40. Qe2 Bc5 41. Bc4 Qd4 42. e5 Qe3 43. Qxe3 Bxe3 44. Kf3 Ba7 45. h4 Bd4 46. e6
Kf6 47. g4 h6 48. Ke4 Bf2 49. g5+ 1/2-1/2

[Event "9. Int. Bavarian Open"]
[Site "Bad Wiessee"]
[Date "2005.11.02"]
[Round "5"]
[White "Burmakin, Vladimir"]
[Black "Miroshnichenko, Evgenij"]
[Result "0-1"]
[WhiteElo "2508"]
[BlackElo "2634"]
[PlyCount "106"]
[EventDate "2005.??.??"]

1. d4 Nf6 2. g3 e6 3. Bg2 c5 4. Nf3 Nc6 5. O-O cxd4 6. Nxd4 Bc5 7. Nb3 Be7 8.
c4 O-O 9. Nc3 b6 10. Bf4 Bb7 11. Qd2 Rc8 12. Rfd1 Ba6 13. Nb5 d5 14. cxd5 Nxd5
15. Bxd5 Bxb5 16. Bf3 Qxd2 17. Rxd2 Bf6 18. Rc1 Ne5 19. Bxe5 Bxe5 20. Rxc8 Rxc8
21. Bb7 Rb8 22. Be4 g5 23. g4 Rc8 24. e3 Kg7 25. Kg2 Bc4 26. Nd4 Bxd4 27. Rxd4
Bxa2 28. Ra4 Rc4 29. Rxa2 Rxe4 30. Kf3 Rb4 31. Rxa7 Rxb2 32. Rb7 b5 33. h3 h6
34. Kg3 b4 35. Kf3 b3 36. e4 Rb1 37. Ke3 Kf6 38. Rb5 Ke7 39. Rb6 Kd7 40. Kd4
Kc7 41. Rb4 Kd6 42. Rb6+ Ke7 43. Rb5 b2 44. Kc3 Rc1+ 45. Kxb2 Rf1 46. Kc3 Rxf2
47. Kd4 Rf3 48. h4 Kf6 49. hxg5+ hxg5 50. Rb1 Rg3 51. Rf1+ Kg6 52. e5 Rxg4+ 53.
Ke3 Rf4 0-1

[Event "9. Int. Bavarian Open"]
[Site "Bad Wiessee"]
[Date "2005.11.02"]
[Round "5"]
[White "Akesson, Ralf"]
[Black "Landa, Konstantin"]
[Result "1/2-1/2"]
[WhiteElo "2486"]
[BlackElo "2600"]
[PlyCount "60"]
[EventDate "2005.??.??"]

1. d4 Nf6 2. c4 e6 3. Nf3 d5 4. Nc3 dxc4 5. e4 Bb4 6. Bg5 c5 7. Bxc4 cxd4 8.
Nxd4 Bxc3+ 9. bxc3 Qa5 10. Bxf6 Qxc3+ 11. Kf1 gxf6 12. Rc1 Qa5 13. h4 Ke7 14.
Rh3 Nc6 15. Nxc6+ bxc6 16. Rd3 Rb8 17. Kg1 Rd8 18. Rxd8 Qxd8 19. Qh5 Qd4 20.
Bb3 Rb4 21. Qxh7 a5 22. Qg8 Bd7 23. Rd1 Qxe4 24. Qa8 Rd4 25. Rxd4 Qxd4 26. Qxa5
Qxh4 27. Qa3+ Ke8 28. Qa8+ Ke7 29. Qa3+ Ke8 30. Qa8+ Ke7 1/2-1/2

[Event "9. Int. Bavarian Open"]
[Site "Bad Wiessee"]
[Date "2005.11.02"]
[Round "5"]
[White "Womacka, Mathias"]
[Black "Vysochin, Spartak"]
[Result "1/2-1/2"]
[WhiteElo "2397"]
[BlackElo "2578"]
[PlyCount "23"]
[EventDate "2005.??.??"]

1. e4 e6 2. d4 d5 3. Nd2 c5 4. exd5 exd5 5. Ngf3 Nc6 6. Bb5 cxd4 7. Qe2+ Qe7 8.
Nxd4 Qxe2+ 9. Kxe2 Bd7 10. N2f3 Nxd4+ 11. Nxd4 O-O-O 12. Bxd7+ 1/2-1/2